| 000 | 00000nam 2200000zi 4500 |
| 001 | 9.950107 |
| 003 | CaOODSP |
| 005 | 20250707134959 |
| 006 | m o d f |
| 007 | cr |n||||||||| |
| 008 | 250414t20092009onca ob f001 0 eng d |
| 020 | |z 9781100124391 |
| 040 | |aCaOODSP|beng|erda|cCaOODSP |
| 043 | |an-cn--- |
| 086 | 1 |aA104-77/2009E-PDF|zA104-77/2009E |
| 100 | 1 |aGrimm, F. Wayne, |eauthor. |
| 245 | 10|aIdentifying land snails and slugs in Canada : |bintroduced species and native genera / |cby F. Wayne Grimm, Robert G. Forsyth, Frederick W. Schueler, and Aleta Karstad. |
| 264 | 1|aOttawa, ON : |bCanadian Food Inspection Agency = Agence canadienne d'inspection des alimentes, |c[2009] |
| 264 | 4|c©2009 |
| 300 | |a1 online resource (iv, 168 pages) : |billustrations (some color) |
| 336 | |atext|btxt|2rdacontent |
| 337 | |acomputer|bc|2rdamedia |
| 338 | |aonline resource|bcr|2rdacarrier |
| 500 | |aIssued also in French under title: Identification des escargots et des limaces terrestres au Canada : espèces introduites et genres indigènes. |
| 504 | |aIncludes bibliographical references (pages 147-157) and index. |
| 650 | 0|aSnails|zCanada|xClassification. |
| 650 | 0|aSlugs (Mollusks)|zCanada|xClassification. |
| 710 | 2 |aCanadian Food Inspection Agency, |eissuing body. |
| 775 | 08|tIdentification des escargots et des limaces terrestres au Canada :|w(CaOODSP)9.952942 |
| 776 | 0#|tIdentifying land snails and slugs in Canada : |w(CaOODSP)9.651563 |
| 856 | 40|qPDF|s3961 KB|uhttps://publications.gc.ca/collections/collection_2025/acia-cfia/A104-77-2009-eng.pdf |